| 000 | 00566nam a2200181Ia 4500 | ||
|---|---|---|---|
| 005 | 20250508153416.0 | ||
| 008 | 008 250505s9999 xx 000 0 eng d | ||
| 037 | _aBooks to be hide in OPAC | ||
| 040 |
_aFEDL _beng _cFEDL |
||
| 041 |
_aeng _2eng |
||
| 084 |
_a302.3, UNI/O _qFEDL |
||
| 245 | 0 | _aHandbook of national organizations : Plans, programs, and services in the field of again | |
| 245 | 0 | _cU S Department of Health, Education, and Welfare | |
| 260 | _c1959 | ||
| 300 | _a123p. | ||
| 942 |
_cHB _h302.3, UNI/O |
||
| 999 |
_c1342655 _d1342655 |
||